Human Anatomy and Physiology (Record no. 2010)

MARC details
000 -LEADER
fixed length control field 00392nam a22001577a 4500
008 - FIXED-LENGTH DATA ELEMENTS--GENERAL INFORMATION
fixed length control field 250228b |||||||| |||| 00| 0 eng d
020 ## - INTERNATIONAL STANDARD BOOK NUMBER
ISBN 9789354663222
100 ## - MAIN ENTRY--AUTHOR
Author Raje VN
245 ## - TITLE STATEMENT
Title Human Anatomy and Physiology
250 ## - EDITION STATEMENT
Edition statement 4th
260 ## - PUBLICATION, DISTRIBUTION, ETC. (IMPRINT)
Place of publication New Delhi
Name of publisher CBS Publisher and Distributors
Date of publication 2022
300 ## - COLLATION
Pagination V111,163P
942 ## - ADDED ENTRY ELEMENTS (KOHA)
Item type Books
050 ## - LIBRARY OF CONGRESS CALL NUMBER
Classification number QP34.5
Item number .R35
082 ## - DEWEY DECIMAL CLASSIFICATION NUMBER
Classification number 2025/6439701
Holdings
Source of classification or shelving scheme Not for loan Permanent location Current location Date acquired Accession No. Full call number Barcode. Koha item type
Library of Congress Classification   Samuel Ogbemudia Main Library, University of Abuja Samuel Ogbemudia Main Library, University of Abuja 02/28/2025 2025/6439701 QP34.5.R35 2025-0150 Books
Library of Congress Classification   Samuel Ogbemudia Main Library, University of Abuja Samuel Ogbemudia Main Library, University of Abuja 02/28/2025 2025/6439701 QP34.5.R35 2025-0151 Books